Valorant agents by abilities (easy) - Statistics

General Stats
  • This quiz has been taken 10 times
  • The average score is 27 of 29
Answer Stats
Hint Answer % Correct
Dissipate, Gravity Well, Nova Pulse, Nebula Astra
100%
Incendiary, Sky Smoke, Stim Beacon Brimstone
100%
Trapwire, Spycam, Cyber Cage Cypher
100%
Seize, Prowler, Haunt Fade
100%
Dizzy, Most Pit, Wingman Gekko
100%
Cascade, Cove, High Tide Harbor
100%
Cloudburst, Tailwind, Updraft Jett
100%
Nanoswarm, Turret, Alarmbot Killjoy
100%
Dark Cover, Paranoia, Shadow Walk Omen
100%
Curveball, Blaze, Hot Hands Phoenix
100%
Barrier Orb, Slow Orb, Healing Orb Sage
100%
Guiding Light, Trailblazer, Regrowth Skye
100%
Shock Bolt, Recon Bolt, Owl Drone Sova
100%
Toxic Screen, Snakebite, Poison Cloud Viper
100%
Trademark, Headhunter, Rendezvous Chamber
88%
Barrier Mesh, Sonic Sensor, GravNet Deadlock
88%
Contingency, Undercut, Double Tap Iso
88%
Flashdrive, Fragment, Zeropoint KAY/O
88%
Harmonize, Waveform, M-pulse Miks
88%
High Gear, Relay Bolt, Fast Lane Neon
88%
Paint Shells, Blast Pack, Boom Bot Raze
88%
Leer, Devour, Dismiss Reyna
88%
Crosscut, Chokehold, Interceptor Veto
88%
Shear, Razorvine, Arc Rose Vyse
88%
Saturate, Refract, Lightspeed Waylay
88%
Fault Lines, Flashpoint, Aftershock Breach
75%
Meddle, Ruse, Pick-me-up Clove
75%
Guided Salvo, Special Delivery, Stealth Drone Tejo
75%
Blindside, Gatecrash, Fakeout Yoru
75%
No matching quizzes found
Score Distribution
Percent of People with Each Score
Percentile by Number Answered
Your Score History
You have not taken this quiz